| 000 | 00787nam a2200229Ia 4500 | ||
|---|---|---|---|
| 003 | GCL | ||
| 008 | 140319s9999 xx 000 0 ara d | ||
| 040 |
_aGCL / _cGCL |
||
| 082 | 0 | 4 |
_a301.242 _bا ع |
| 100 | 1 | _aالسيد السيد الحسينى | |
| 245 | 1 | 0 |
_aعلم الاجتماع السياسى / _cالسيد السيد الحسينى |
| 260 |
_a[S.N] : _bدار المعارف ، _c1984 |
||
| 300 | _a456 | ||
| 490 |
_aسلسلة علم الاجتماع المعاصر _v0 |
||
| 650 | 0 | 4 | _aالاجتماع |
| 650 | 0 | 4 | _aالاجتماع الاسلامى |
| 650 | 0 | 4 | _aالسياسة الاجتماعية |
| 650 | 0 | 4 | _aعلم النفس السياسى |
| 650 | 0 | 4 | _aالحركات الاجتماعية |
| 650 | 0 | 4 | _aالاخلاق السياسية |
| 942 |
_2ddc _cBK |
||
| 999 |
_c58942 _d58942 |
||